1829 1540 1692 1587 1640 1525 1317 1343 1191 1531 1817 1705 1728 1268 1726 1645 1404 1814 1649 1758 1812 1836 1150 1359 1482 1225 1275 1671 1495 1370 1880 1775 1200 1379 1990 1136 1419 1930 1150 1911 1178 1932 1066 1456 1541 1782 1842 1705 1145 1891 1220 1936 2000 1208 1153 1782 1256 1786 1314 1885 1068 1275 1223 1952 1064 1504 1870 1925 1305 1017 1252 1791 1512 1831 1818 1682 1381 1796 1938 1974 1589 1287 1918 1326 1344 1682 1143 1105 1048 1483 1652 1753 1121 1638 1296 1060 1089 1343 1559 BCNSPRNW ULIB Ver.6.0+V

เปลี่ยนเป็นภาษาไทย

Change to English
 แสดงรายละเอียดบรรณานุกรม
  กลับหน้าหลัก

Brief Record : Get Marc (ISO 2709) : E-mail record : QR code < ปิดหน้าต่าง
LEADER : 00000nam 2200000uu 4500
001    13399112523
003     ULIB
008    110819s2544||||th 000 0 tha d
020    9749980468
050 04 LB2371^bพ969ก 2544
100 0  ไพฑูรย์ สินลารัตน์
245 10 การประเมินเพื่อพัฒนางานการศึกษาทั่วไป ของจุฬาลงกรณ์มหาวิทยาลัย :^bรายงานการวิจัย /^cโดย ไพฑูรย์ สินลารัตน์
260    กรุงเทพฯ :^bฝ่ายวิชาการ จุฬาลงกรณ์มหาวิทยาลัย,^c2544
300    255 หน้า ;^c29 ซม
500    ทุนสนับสนุน ฝ่ายวิชาการ จุฬาลงกรณ์มหาวิทยาลัย
650  7 การศึกษาทั่วไป^xการประเมิน
650  7 การศึกษาทั่วไป
710 2  จุฬาลงกรณ์มหาวิทยาลัย.^bฝ่ายวิชาการ
945    ^p200^l0^i027232
945    ^p200^l0^i027233
995    ทศพร
999 ^a ทศพร
รายการนี้ยังไม่มีแท็ก
คุณยังไม่ได้ล็อกอิน คุณสามารถมีกิจกรรมร่วมกับเว็บไซต์ได้ แต่ต้องล็อกอินก่อน ::
  ล็อกอิน

รายการสื่อสารสนเทศ

ลำดับที่ ประเภท เลขเรียก/บาร์โค้ด สถานที่ สถานะ
- ไม่พบข้อมูล -

รายการใกล้เคียง
    ผู้แต่ง [ไพฑูรย์ สินลารัตน์]

BibComment


ยังไม่เคยถูกคอมเมนท์

คอมเมนท์ทรัพยากรรายการนี้
  คอมเมนท์: การประเมินเพื่อพั..


 Copyright 2026. Bcnsprnw @Library